000 03110cam a22005894i 4500
003 PE-LiUPU
005 20250731165529.0
008 150623s r 000 0 d
035 _a(Sirsi) a29411
035 _a(Sirsi) a29411
040 _aPE-LiUPU
_bspa
_cPE-LiUPU
_erda
082 0 4 _a220.7
_bN53 / C1
_221
100 1 _aNicoll, W. Robertson,
_eed.,
_eautor.
245 1 4 _aThe expositors Bible :
_bThe epistles of st. Paul to the colossians and philemon /
_cRobertson Nicoll, Alexander Maclaren.
264 1 _a[London] : New York :
_bHodder & Stoughton ;
_c[entre 1800 y 1899]
300 _avii, 493 páginas ;
_c20 cm.
336 _atext
_2rdacontent
337 _aunmediated
_2rdamedia
338 _avolume
_2rdacarrier
505 0 _aThe epistle to the colossians. -the epistle to philemon.
526 _aSEG44
526 _aSEG26
526 _aP151
526 _aP150
526 _aP149
526 _aP146
526 _aP145
526 _aP126
526 _aP125
526 _aP92
526 _aP75
526 _aP74
526 _aP27
526 _aP15
630 0 4 _aBiblia
_pColosenses
_xComentarios.
630 _aBiblia
_pFilemón
_xComentarios.
942 _2ddc
_cBOOK
949 _aRC 220.7 N53 / C1
_wDEWEY
_c1
_i00219
_lRC
_mBUL
_r0
_sY
_tBOOK
_u2015-6-24
_xBIBLIOTECA
_zUNKNOWN
_0COMPRA
_o.CIRCNOTE. No olvidar cambiar la fecha de devolución!!!!!!!
_o.STAFF. Colección General
949 _aRC 220.7 N53 / C1
_wDEWEY
_c2
_i06629
_lRC
_mBUL
_r0
_sY
_tBOOK
_u2015-6-24
_xBIBLIOTECA
_zUNKNOWN
_0COMPRA
_o.CIRCNOTE. No olvidar cambiar la fecha de devolución!!!!!!!
_o.STAFF. Colección General
949 _aRC 220.7 N53 / C1
_wDEWEY
_c3
_i01230
_lRC
_mBUL
_r0
_sY
_tBOOK
_u2015-6-24
_xBIBLIOTECA
_zUNKNOWN
_0COMPRA
_o.CIRCNOTE. No olvidar cambiar la fecha de devolución!!!!!!!
_o.STAFF. Colección General
949 _aRC 220.7 N53 / C1
_wDEWEY
_c4
_i00868
_lRC
_mBUL
_r0
_sY
_tBOOK
_u2015-6-24
_xBIBLIOTECA
_zUNKNOWN
_0COMPRA
_o.CIRCNOTE. No olvidar cambiar la fecha de devolución!!!!!!!
_o.STAFF. Colección General
994 _aC0
_bPEPRU
596 _a1
999 _aRC 220.7 N53 / C1
_wDEWEY
_c36766
_i00219
_f2021-11-8
_g6
_lCCODEBUL1
_mBUL
_r1
_sY
_tBOOK
_u2015-6-24
_xTEOLOGIA
_zUNKNOWN
_0COMPRA
_o.CIRCNOTE. No olvidar cambiar la fecha de devolución!!!!!!!
_o.STAFF. Colección General
_d36766
999 _aRC 220.7 N53 / C1
_wDEWEY
_c2
_i06629
_f2021-11-8
_g6
_lCCODEBUL1
_mBUL
_r1
_sY
_tBOOK
_u2015-6-24
_xTEOLOGIA
_zUNKNOWN
_0COMPRA
_o.CIRCNOTE. No olvidar cambiar la fecha de devolución!!!!!!!
_o.STAFF. Colección General
999 _aRC 220.7 N53 / C1
_wDEWEY
_c3
_i01230
_d2016-4-14
_e2016-3-23
_f2021-11-8
_g6
_lCCODEBUL1
_mBUL
_n2
_r1
_sY
_tBOOK
_u2015-6-24
_xTEOLOGIA
_zUNKNOWN
_0COMPRA
_o.CIRCNOTE. No olvidar cambiar la fecha de devolución!!!!!!!
_o.STAFF. Colección General
999 _aRC 220.7 N53 / C1
_wDEWEY
_c4
_i00868
_f2021-11-8
_g6
_lCCODEBUL1
_mBUL
_r1
_sY
_tBOOK
_u2015-6-24
_xTEOLOGIA
_zUNKNOWN
_0COMPRA
_o.CIRCNOTE. No olvidar cambiar la fecha de devolución!!!!!!!
_o.STAFF. Colección General
980 _81
_gALBERTO SANCHEZ Responsable de Automatización